Για τη μητέρα

Αποθηκεύτηκε σε:
Λεπτομέρειες βιβλιογραφικής εγγραφής
Κύριος συγγραφέας: Παδιατέλλης, Κωνσταντίνος, 1914-
Μορφή: Βιβλίο
Γλώσσα:Greek
Δημοσίευση: Αθήναι : Χιωτέλλης, 1981
Έκδοση:8η έκδ., συμπληρωμένη
Θέματα:
Ετικέτες: Προσθήκη ετικέτας
Δεν υπάρχουν, Καταχωρήστε ετικέτα πρώτοι!

MARC

LEADER 00000cam a2200000 i 4500
001 1/99094
008 081210s1981 gre d
035 |l 10102330 
040 |a GR-MY-UA  |b gre  |e aacr 
041 0 |a gre 
082 0 |a 618.92  |2 (22) 
100 1 |a Παδιατέλλης, Κωνσταντίνος,   |d 1914- 
245 1 0 |a Για τη μητέρα /  |c Κωνσταντίνου Παδιατέλλη 
250 |a 8η έκδ., συμπληρωμένη 
260 |a Αθήναι :   |b Χιωτέλλης,   |c 1981 
300 |a 462 σ.;  |c 23 εκ. 
650 0 0 |a Child care. 
650 0 0 |a Infants  |x Care. 
650 0 0 |a Pediatrics. 
650 0 0 |a Mother and child  |z Greece. 
852 |a INST  |b RHODES  |c AKA  |e 20081210  |h  618.92 ΠΑΔ  |p 005400031575  |q 005400031575  |t BK  |y 0 
901 |a BIBL4-2008-3 
909 |a Ρ  |b 156651 
970 |a ΚΟΖΑ  |b ΜΑΡΙΑ  |z 2008/12/10